Using software in qualitative research a step-by-step guide

Saved in:
Bibliographic Details
Main Author: SILVER, Christina Lewins, Ann
Format: Book
Language:English
Published: SAGE 2014
Tags: Add Tag
No Tags, Be the first to tag this record!

MARC

LEADER 00000nam a22000007a 4500
008 210119b ||||| |||| 00| 0 eng d
020 |a 978-1-4462-4973-4 
100 |a SILVER, Christina  |a Lewins, Ann 
245 |a Using software in qualitative research  |b a step-by-step guide  |c Christina Silver & Ann Lewins  |g xx, 355p., ill. 
250 |b 2nd 
260 |b SAGE  |c 2014  |h Los Angeles  |i 692136  |i 692137  |l H61.3 .Si3   |m Qualitative research – methods  |m Research design  |m Data collection  |m Softwares. 
500 |a “It includes bibliographical references and index 
942 |a lcc  |c BK  |e O.A.JOHNSON  |f 19/01/21 
952 |0 0  |1 0  |2 lcc  |4 0  |6 H00613 S I3  |7 0  |9 1184  |a TL  |b HOL  |c GJ  |d 2021-01-19  |o H61.3 .Si3   |p 2021-0005  |r 2021-01-19 00:00:00  |w 2021-01-19  |y BK 
952 |0 0  |1 0  |2 lcc  |4 0  |6 H00613 S I3  |7 0  |9 1185  |a HOL  |b HOL  |c GJ  |d 2021-01-19  |l 0  |o H61.3 .Si3   |p 2021-0006  |r 2021-01-19 00:00:00  |w 2021-01-19  |y BK 
999 |c 623  |d 623